Espacio público y privatización del conocimiento: estudios sobre políticas universitarias en América Latina /

সংরক্ষণ করুন:
গ্রন্থ-পঞ্জীর বিবরন
প্রধান লেখক: Gentili, Pablo
অন্যান্য লেখক: comp. Levy, Bettina comp
বিন্যাস: পাঠ‍্য
প্রকাশিত: Buenos Aires: CLACSO
বিষয়গুলি:
ট্যাগগুলো: ট্যাগ যুক্ত করুন
কোনো ট্যাগ নেই, প্রথমজন হিসাবে ট্যাগ করুন!

MARC

LEADER 00000 a a2200000 04500
001 32469
003
040
020 |a 987-1183-28-3  
090 |a 202505  
100 |a Gentili, Pablo  
245 |a Espacio público y privatización del conocimiento: estudios sobre políticas universitarias en América Latina /  |c Pablo Gentili 
260 |a Buenos Aires:   |b CLACSO  
300 |a 574 p.  
650 |a DOCENTES  
650 |a SITUACION DE LOS DOCENTES  
650 |a ESTABILIDAD LABORAL  
650 |a ENSEÑANZA SUPERIOR  
650 |a CHILE  
700 |a comp.   |a Levy, Bettina   |a comp.  
999 |c 13052  |d 13052